Statistics for Stupid Quotes to Famous People #2

Click here to take the quiz!

General Stats

  • This quiz has been taken 62 times
  • The average score is 6 of 15

Answer Stats

QuestionAnswer% Correct
“I have a different constitution. I have a different brain; I have a different heart; I got tiger blood, man.”Charlie Sheen
62%
“I’m speaking with myself, number one, because I have a very good brain and I’ve said a lot of things."Donald Trump
56%
“Listening to a woman is almost as bad as losing to one. There are only three things that women are better at than men: cleaning, cooking, and having sex.”Charles Barkley
54%
“My IQ is one of the highest — and you all know it! Please don’t feel so stupid or insecure; it’s not your fault.”Donald Trump
54%
‘Smoking kills. If you’re killed, you’ve lost a very important part of your life.’Brooke Shields
52%
“When the president does it, that means that it is not illegal.”?Richard Nixon
46%
It's time for the human race to enter the solar system.''?Dan Quayle
40%
"If everybody in the world dropped out of school, we would have a much more intelligent society."Jaden Smith
40%
''It isn't pollution that's harming the environment. It's the impurities in our air and water that are doing it.'' ?Dan Quayle
38%
“Whenever I watch TV and see those poor starving kids all over the world, I can’t help but cry. I mean I’d love to be skinny like that, but not with all those flies and death and stuff.”Mariah Carey
38%
''So, where's the Cannes Film Festival being held this year?''Christina Aguilera
36%
"It's really hard to maintain a one-on-one relationship if the other person is not going to allow me to be with other people."Axl Rose
32%
“I actually don’t like thinking. I think people think I like to think a lot. And I don’t. I don’t like to think.”Kanye West
32%
“There’s much more to life than all of these possessions and everything. And if you want those things, you’re going to have to work yourself, just like I did.”Paris Hilton
30%
“I’ve got taste. It’s inbred in me.”David Hasselhoff
18%

Score Distribution

Percentile by Number Answered

Percent of People with Each Score

Your Score History

You have not taken this quiz